Loading...
| Current Events | 3 | 16.67 | 100% | 33% | 33% |
| Fine Arts - Classical Music | 7 | 18.57 | 100% | 57% | 29% |
| Fine Arts - Other | 7 | 15.71 | 100% | 57% | 0% |
| Fine Arts - Painting and Sculpture | 5 | 22.00 | 100% | 100% | 20% |
| Geography | 5 | 16.00 | 100% | 40% | 20% |
| History - American | 4 | 20.00 | 100% | 50% | 50% |
| History - European | 8 | 17.50 | 100% | 50% | 25% |
| History - Other | 5 | 22.00 | 100% | 60% | 60% |
| History - World | 10 | 23.00 | 100% | 100% | 30% |
| Literature - Drama | 4 | 20.00 | 100% | 75% | 25% |
| Literature - Long Fiction | 7 | 21.43 | 100% | 100% | 14% |
| Literature - Poetry | 4 | 20.00 | 100% | 75% | 25% |
| Mythology | 4 | 25.00 | 100% | 100% | 50% |
| Other Academic | 4 | 22.50 | 100% | 100% | 25% |
| Philosophy | 4 | 22.50 | 100% | 100% | 25% |
| Religion | 4 | 25.00 | 100% | 75% | 75% |
| Science - Biology | 6 | 13.33 | 100% | 17% | 17% |
| Science - Chemistry | 2 | 15.00 | 100% | 50% | 0% |
| Science - Other | 4 | 22.50 | 100% | 75% | 50% |
| Science - Physics | 5 | 12.00 | 100% | 20% | 0% |
| Short Fiction and Other | 6 | 20.00 | 100% | 67% | 33% |
| Social Science | 10 | 20.00 | 100% | 80% | 20% |